000 00339 a2200157 4500
001 188712
020 _a978-85-60655-06-9
040 _cMagnum
100 _aSant´anna, Eliana
240 1 0 _aXô mosquito ii
_lpor
245 1 0 _aXô mosquito ii
300 _a46
362 0 _a2009
697 _aLITERATURA INFANTO-JUVENIL
942 _cBK
999 _c188712
_d188712